[Event "41st Olympiad Women 2014"]
[Site "Tromso NOR"]
[Date "2014.08.08"]
[Round "6.30"]
[Board "4"]
[White "Machlik, Edit"]
[Black "Yu, Sally"]
[Result "0-1"]
[WhiteElo "1950"]
[BlackElo "1953"]
[WhiteTeam "Norway 2"]
[BlackTeam "Australia"]
[WhiteFideId "1513591"]
[BlackFideId "3206718"]
[EventDate "2014.08.02"]

1. d4 d5 2. c4 e6 3. Nc3 c5 4. cxd5 cxd4 5. Qxd4 Nc6 6. Qd1 exd5 7. Qxd5 Be6 8.
Qb5 a6 9. Qxb7 Nb4 10. Qe4 Nf6 11. Qb1 Bc5 12. a3 Nc6 13. e3 Bb3 14. Nf3 Qe7 15.
Be2 O-O 16. O-O Rfd8 17. Nd2 Na5 18. Bd1 Rab8 19. Nxb3 Nxb3 20. Bxb3 Rxb3 21.
Qc2 Rdb8 22. Rd1 Bd6 23. Ne2 R3b7 24. Ng3 Be5 25. Rb1 Rc7 26. Qe2 Qe6 27. b4
Rbc8 28. Qd3 Rd7 29. Qe2 Rdc7 30. Bd2 Nd5 31. Rdc1 Bc3 32. Qd3 h6 33. Bxc3 Rxc3
34. Qd2 R8c6 35. Rxc3 Nxc3 36. Rc1 Qb3 37. Ra1 Nb1 38. Qd8+ Kh7 39. h3 Rc1+ 40.
Kh2 Rd1 41. Qc8 Qb2 42. Qf5+ Kg8 43. Qc8+ Kh7 44. Qc4 Qxf2 45. Ne2 Qf1 46. Ra2
Qh1+ 47. Kg3 Qe1+ 48. Kh2 Nd2 49. Rxd2 Rxd2 50. Qe4+ g6 51. Qe7 Qf1 52. Nf4 Qc4
53. h4 Rc2 54. h5 g5 55. Ng6 Qc7+ 56. Qxc7 Rxc7 57. Ne5 Kg7 58. Nd3 Rc3 59. Nc5
Rxa3 60. e4 Kf6 61. g3 g4 62. Nd7+ Kg5 63. Ne5 f6 64. Nd7 Ra4 65. Nf8 Kxh5 0-1

[Event "41st Olympiad Women 2014"]
[Site "Tromso NOR"]
[Date "2014.08.08"]
[Round "6.31"]
[Board "1"]
[White "Houska, Jovanka"]
[Black "Cori T., Deysi"]
[Result "1/2-1/2"]
[WhiteTitle "IM"]
[BlackTitle "WGM"]
[WhiteElo "2401"]
[BlackElo "2422"]
[WhiteTeam "England"]
[BlackTeam "Peru"]
[WhiteFideId "405094"]
[BlackFideId "3801934"]
[EventDate "2014.08.02"]

1. d4 Nf6 2. Nf3 g6 3. c4 Bg7 4. g3 c5 5. Bg2 Qa5+ 6. Nc3 Ne4 7. Bd2 Nxd2 8.
Qxd2 cxd4 9. Nxd4 Nc6 10. e3 O-O 11. O-O Ne5 12. b3 d6 13. Rac1 Ng4 14. Rfd1 Nf6
15. Nd5 Qd8 16. Nxf6+ Bxf6 17. Ne2 Qb6 18. Nf4 Bg7 19. h3 Rb8 20. Nd5 Qd8 21. c5
e6 22. c6 bxc6 23. Nb4 Bb7 24. Qxd6 Qxd6 25. Rxd6 Bb2 26. Rc4 Ba3 27. Rd2 Rbd8
28. Rxd8 Rxd8 29. Bxc6 Bxb4 30. Bxb7 a5 31. Rc2 Rd2 32. Rxd2 Bxd2 33. Kf1 Kf8
34. Ke2 Bb4 35. g4 h6 36. Kd3 Ke7 37. Kc4 Kd6 38. Kb5 g5 39. Bc6 Be1 40. f3 Bd2
41. Be8 Ke7 42. Bc6 Kd6 43. Be4 Bb4 44. Bh7 Bd2 45. f4 f6 46. f5 e5 47. e4 Bb4
48. Bg8 Bd2 49. Be6 Bb4 50. Bd5 Kc7 51. Bc4 Kd6 52. Kb6 Kd7 53. Bb5+ Kd6 54. Kb7
Kc5 55. Bc6 Kd6 56. Ba4 Ba3 57. Kc8 Ke7 58. Kc7 Bb4 59. Bb5 Ba3 60. Bc4 Bb4 61.
Bd5 Ba3 62. Kb6 Bb4 63. a3 Bxa3 64. Kxa5 Kd6 65. b4 Kc7 66. Kb5 Bb2 67. Bb3 Bd4
68. Ba4 Bf2 69. Kc4 Kd6 70. Bd1 Bg1 71. Ba4 Bf2 72. Bd1 1/2-1/2

[Event "41st Olympiad Women 2014"]
[Site "Tromso NOR"]
[Date "2014.08.08"]
[Round "6.31"]
[Board "2"]
[White "Apaza, Flor"]
[Black "Maroroa, Sue"]
[Result "1/2-1/2"]
[BlackTitle "WIM"]
[WhiteElo "1552"]
[BlackElo "2120"]
[WhiteTeam "Peru"]
[BlackTeam "England"]
[WhiteFideId "3801888"]
[BlackFideId "4301498"]
[EventDate "2014.08.02"]

1. c4 Nf6 2. g3 g6 3. Bg2 Bg7 4. Nc3 O-O 5. d4 d6 6. Nf3 Nc6 7. O-O Rb8 8. Bf4
a6 9. e4 Bg4 10. d5 Na5 11. Qd3 c5 12. Nd2 b5 13. Rab1 b4 14. Nd1 Qd7 15. Re1
Nh5 16. e5 Nxf4 17. gxf4 Qf5 18. Qg3 Bxd1 19. Be4 Qg4 20. Rbxd1 Qxg3+ 21. fxg3
dxe5 22. f5 Bh6 23. b3 Bxd2 24. Rxd2 Nb7 25. Bc2 f6 26. fxg6 hxg6 27. Bxg6 Nd6
28. h4 Kg7 29. h5 Rbd8 30. Rh2 Kh6 31. Kg2 Nf7 32. Bxf7 Rxf7 33. Re4 Rg7 34. Kf3
e6 35. dxe6 Re7 36. Rg4 Rxe6 37. Rg6+ Kh7 38. Ke4 Rd1 39. Kf5 Red6 40. Rf2 Rg1
41. Rxf6 Rxf6+ 42. Kxf6 e4 43. Ke5 e3 44. Re2 Rxg3 45. Kf4 Rh3 46. Rxe3 Rxh5 47.
Re6 Kg7 48. Rxa6 Kf7 49. Rd6 Rh2 50. Ra6 Ke7 51. Ke4 Kd7 52. Kd5 Rh5+ 53. Ke4
Rh4+ 54. Kd5 Rh5+ 55. Ke4 Rh4+ 56. Kf3 Rd4 57. Ke3 Rh4 58. Rf6 Rh2 59. Ra6 Rh4
60. a4 Rh3+ 61. Ke4 Rh4+ 62. Kf5 Rh3 63. Ke5 Rh5+ 64. Kf4 Rh3 65. Ke5 Rh5+ 66.
Ke4 Rh4+ 67. Kd5 Rh5+ 68. Ke4 Rh4+ 1/2-1/2

[Event "41st Olympiad Women 2014"]
[Site "Tromso NOR"]
[Date "2014.08.08"]
[Round "6.31"]
[Board "3"]
[White "Chevannes, Sabrina L"]
[Black "Bocangel Chavez, Marjoire J."]
[Result "1-0"]
[WhiteTitle "WIM"]
[WhiteElo "2171"]
[BlackElo "1731"]
[WhiteTeam "England"]
[BlackTeam "Peru"]
[WhiteFideId "411280"]
[BlackFideId "3810500"]
[EventDate "2014.08.02"]

1. d4 d5 2. c4 c6 3. Nf3 Nf6 4. Qc2 e6 5. Bg5 Be7 6. e3 Nbd7 7. Nc3 Qc7 8. Rc1
dxc4 9. Bxc4 Nb6 10. Bd3 Nbd5 11. a3 h6 12. Bxf6 Bxf6 13. Ne4 O-O 14. O-O Re8
15. Nxf6+ Nxf6 16. Ne5 Nd7 17. Bh7+ Kf8 18. f4 Nf6 19. Bd3 Nd5 20. Rf3 f6 21.
Ng6+ Kg8 22. e4 Ne7 23. f5 Qd6 24. Nxe7+ Rxe7 25. Qc4 Rd7 26. Kh1 Rd8 27. Be2
Kh8 28. Rd1 exf5 29. exf5 Qd5 30. Qc2 Re8 31. Bc4 Qe4 32. Qf2 b5 33. Bd3 Qd5 34.
Bc2 Bb7 35. Bb3 Qd6 36. Rh3 Re4 37. Be6 c5 38. Qd2 Rf4 39. d5 Bxd5 40. Qxd5 Qxd5
41. Bxd5 Rd8 42. Rf3 Re4 43. Rff1 Re2 44. b3 b4 45. axb4 cxb4 46. Bf7 Rf8 47.
Bc4 Re7 48. Rfe1 Rc7 49. Rd4 a5 50. Red1 Rcc8 51. Be6 Ra8 52. Rd7 a4 53. bxa4
Rxa4 54. Rb7 Rfa8 55. h3 Ra1 56. Rxa1 Rxa1+ 57. Kh2 Ra8 58. Kg3 Rd8 59. Kg4 Kh7
60. Rxb4 Ra8 61. Rb7 Rd8 62. Kh5 Ra8 63. Kg4 Ra4+ 64. Kf3 Ra3+ 65. Ke4 Ra8 66.
Kd4 Rd8+ 67. Kc5 Ra8 68. Kd6 Rd8+ 69. Ke7 Ra8 70. Bf7 Rc8 71. Be8 Ra8 72. Kf8
Kh8 73. Rxg7 Rxe8+ 74. Kxe8 Kxg7 75. Ke7 h5 76. h4 Kh6 77. Kxf6 Kh7 78. Ke7 Kg7
79. f6+ Kh6 80. f7 Kh7 81. Kf6 1-0

[Event "41st Olympiad Women 2014"]
[Site "Tromso NOR"]
[Date "2014.08.08"]
[Round "6.32"]
[Board "1"]
[White "Chung, Mathilde"]
[Black "Mezioud, Amina"]
[Result "0-1"]
[WhiteTitle "WCM"]
[BlackTitle "WIM"]
[WhiteElo "1981"]
[BlackElo "2052"]
[WhiteTeam "Monaco"]
[BlackTeam "Algeria"]
[WhiteFideId "676446"]
[BlackFideId "7900970"]
[EventDate "2014.08.02"]

1. d4 Nf6 2. c4 g6 3. Nc3 Bg7 4. e4 d6 5. Nf3 O-O 6. Be2 c6 7. O-O Nbd7 8. Qc2
e5 9. Rd1 Qc7 10. Be3 Ng4 11. Bg5 f6 12. Bh4 Nh6 13. Rac1 Re8 14. d5 c5 15. a3
Nf8 16. b4 b6 17. Ne1 g5 18. Bg3 Ng6 19. f3 f5 20. Bf2 Nf4 21. Nd3 Rf8 22. Bf1
g4 23. Be3 Nh5 24. Ne2 gxf3 25. gxf3 fxe4 26. fxe4 Rf6 27. Bg2 Rg6 28. Nf2 Qe7
29. Qd3 Qh4 30. Bd2 Ng4 31. Nxg4 Qxg4 32. Ng3 Nxg3 33. hxg3 Qxg3 34. Qxg3 Rxg3
35. Rc3 Rxc3 36. Bxc3 cxb4 37. Bxb4 Bf8 38. Rf1 Be7 39. Rf3 Ba6 40. Bh3 Bxc4 41.
Be6+ Kh8 42. Rf7 Rg8+ 43. Kf2 Rf8 44. Kg3 Rxf7 45. Bxf7 Kg7 46. Be6 h6 47. Bd2
Bf8 48. Be3 Bb5 49. Kg4 Kf6 50. Bf2 Be2+ 51. Kh3 Kg5 52. Be3+ Kg6 53. Bf2 Be7
54. Kg2 Bg5 55. Be1 Be3 56. Bh4 Bc5 57. a4 b5 58. axb5 Bxb5 59. Be1 Bb6 60. Bb4
Bc7 61. Kf3 a5 62. Ba3 Kf6 0-1

[Event "41st Olympiad Women 2014"]
[Site "Tromso NOR"]
[Date "2014.08.08"]
[Round "6.32"]
[Board "2"]
[White "Latreche, Sabrina"]
[Black "Levacic, Melissa"]
[Result "1-0"]
[WhiteTitle "WIM"]
[WhiteElo "1972"]
[BlackElo "1994"]
[WhiteTeam "Algeria"]
[BlackTeam "Monaco"]
[WhiteFideId "7901798"]
[BlackFideId "633747"]
[EventDate "2014.08.02"]

1. e4 e5 2. Nf3 Nc6 3. Bc4 Bc5 4. c3 Nf6 5. d4 exd4 6. cxd4 Bb4+ 7. Nc3 Nxe4 8.
O-O Bxc3 9. d5 Bf6 10. Re1 Ne7 11. Rxe4 d6 12. Bg5 Bxg5 13. Nxg5 O-O 14. Nxh7
Bf5 15. Rh4 Bxh7 16. Qh5 f5 17. Qxh7+ Kf7 18. Qh5+ Kg8 19. Re1 Ng6 20. Qh7+ Kf7
21. Rh6 Qg5 22. Rxg6 Qxg6 23. Re7+ Kxe7 24. Qxg6 Rf7 25. h3 Raf8 26. Qg5+ Kd7
27. Qe3 f4 28. Qxa7 f3 29. Qxb7 1-0

[Event "41st Olympiad Women 2014"]
[Site "Tromso NOR"]
[Date "2014.08.08"]
[Round "6.32"]
[Board "3"]
[White "Grillon, Charline"]
[Black "Toubal, Hayat"]
[Result "1/2-1/2"]
[BlackTitle "WIM"]
[WhiteElo "1734"]
[BlackElo "1938"]
[WhiteTeam "Monaco"]
[BlackTeam "Algeria"]
[WhiteFideId "1301047"]
[BlackFideId "7901631"]
[EventDate "2014.08.02"]

1. d4 d5 2. c4 e6 3. Nf3 f5 4. Bf4 Bd6 5. Ne5 c6 6. e3 Nf6 7. Bd3 O-O 8. O-O Be7
9. Nc3 Ne4 10. Rc1 Nd7 11. cxd5 exd5 12. f3 Nxc3 13. bxc3 g5 14. Bg3 Nxe5 15.
Bxe5 Bf6 16. Qb3 Bxe5 17. dxe5 Qb6 18. Qxb6 axb6 19. Rf2 b5 20. f4 g4 21. h3 h5
22. hxg4 hxg4 23. g3 Ra3 24. Rd2 Be6 25. Rb2 Rfa8 26. Bb1 R8a4 27. Kf2 Ra8 28.
Ke2 Kf7 29. Kd3 Rh8 30. Kd4 b6 31. Rcc2 Rh1 32. Rh2 Rd1+ 33. Rhd2 Rg1 34. Rg2
Rd1+ 35. Rgd2 Rg1 36. Rg2 Rd1+ 1/2-1/2

[Event "41st Olympiad Women 2014"]
[Site "Tromso NOR"]
[Date "2014.08.08"]
[Round "6.32"]
[Board "4"]
[White "Oussedik, Nassila"]
[Black "Lomandong, Noela-Joyce"]
[Result "0-1"]
[WhiteElo "1594"]
[BlackElo "1616"]
[WhiteTeam "Algeria"]
[BlackTeam "Monaco"]
[WhiteFideId "7902875"]
[BlackFideId "5400384"]
[EventDate "2014.08.02"]

1. e4 e5 2. Nf3 Nc6 3. Bc4 Be7 4. d4 d6 5. O-O Nf6 6. Nc3 O-O 7. h3 exd4 8. Nxd4
Ne5 9. Be2 d5 10. f4 Nc6 11. Nxc6 bxc6 12. exd5 Bc5+ 13. Kh2 cxd5 14. Bf3 c6 15.
Na4 Bd6 16. Be3 Qc7 17. g3 Qd7 18. Bg2 Ne4 19. c4 Qe6 20. cxd5 cxd5 21. Qf3 Re8
22. Rfe1 Bb4 23. Nc3 Qd7 24. Bd4 Bb7 25. f5 Bd6 26. Nxe4 dxe4 27. Qg4 Bxg3+ 28.
Qxg3 Qxd4 29. b3 Qe5 30. Qxe5 Rxe5 31. Rad1 g6 32. fxg6 hxg6 33. Rd7 Bc6 34. Rc7
Bd5 35. Rc5 Rae8 36. Rc7 a6 37. Ra7 R8e6 38. Kg3 e3 39. Bxd5 Rxd5 40. Kf3 Rf5+
41. Ke2 Rf2+ 42. Kd3 Rd2+ 43. Kc3 Rxa2 0-1

[Event "41st Olympiad Women 2014"]
[Site "Tromso NOR"]
[Date "2014.08.08"]
[Round "6.33"]
[Board "1"]
[White "Camacho, Chardine Cheradee"]
[Black "Al-Zarouni, Kholoud Essa"]
[Result "1-0"]
[WhiteTitle "WIM"]
[BlackTitle "WIM"]
[WhiteElo "2214"]
[BlackElo "1862"]
[WhiteTeam "Philippines"]
[BlackTeam "United Arab Emirates"]
[WhiteFideId "5201829"]
[BlackFideId "9301194"]
[EventDate "2014.08.02"]

1. e4 e5 2. Nf3 Nc6 3. d4 exd4 4. Bc4 Nf6 5. e5 d5 6. Bb5 Ne4 7. Nxd4 Bd7 8.
Bxc6 bxc6 9. O-O Bc5 10. f3 Ng5 11. f4 Ne4 12. Be3 Qb8 13. Nc3 Qxb2 14. Nxe4
dxe4 15. Rb1 Qxa2 16. Rb3 Qa5 17. f5 O-O 18. Qg4 Bb6 19. Qxe4 Rae8 20. Nf3 Qd5
21. Qf4 Bc8 22. Rd3 Bxe3+ 23. Rxe3 Qc5 24. Nd4 Rd8 25. c3 Qd5 26. f6 h6 27. Rg3 1-0

[Event "41st Olympiad Women 2014"]
[Site "Tromso NOR"]
[Date "2014.08.08"]
[Round "6.33"]
[Board "2"]
[White "Nouman, Amna"]
[Black "Frayna, Janelle Mae"]
[Result "0-1"]
[WhiteTitle "WIM"]
[BlackTitle "WFM"]
[WhiteElo "1869"]
[BlackElo "2205"]
[WhiteTeam "United Arab Emirates"]
[BlackTeam "Philippines"]
[WhiteFideId "9301500"]
[BlackFideId "5212499"]
[EventDate "2014.08.02"]

1. e4 e6 2. d4 d5 3. Nd2 c5 4. exd5 Qxd5 5. Ngf3 cxd4 6. Nb3 e5 7. Qe2 Nc6 8.
Bf4 Bb4+ 9. Bd2 Bxd2+ 10. Qxd2 Nf6 11. Rd1 O-O 12. c3 Bg4 13. Be2 d3 14. Bxd3 e4
15. Bc2 Qxd2+ 16. Nfxd2 Bxd1 17. Kxd1 Ng4 18. Nxe4 f5 19. h3 Nge5 20. Nec5 b6
21. Ne6 Rf6 22. Ned4 g6 23. Kc1 Re8 24. Rd1 Rd8 25. Re1 Re8 26. Rd1 Re7 27. f4
Nf7 28. Nxc6 Rxc6 29. Nd4 Rd6 30. g4 fxg4 31. hxg4 Re3 32. g5 h6 33. f5 hxg5 34.
fxg6 Nh6 35. Rh1 Kg7 36. Rxh6 Kxh6 37. Nf5+ Kxg6 38. Nxd6+ Kh5 39. Ne4 g4 40.
Nf6+ Kh4 41. Be4 g3 42. Bb7 Re2 43. Kb1 Re6 44. Ng8 Kg5 45. Bd5 Re8 0-1

[Event "41st Olympiad Women 2014"]
[Site "Tromso NOR"]
[Date "2014.08.08"]
[Round "6.33"]
[Board "3"]
[White "Fronda, Jan Jodilyn"]
[Black "Al-Zarouni, Aisha"]
[Result "1-0"]
[WhiteElo "2098"]
[BlackElo "1689"]
[WhiteTeam "Philippines"]
[BlackTeam "United Arab Emirates"]
[WhiteFideId "5204585"]
[BlackFideId "9302972"]
[EventDate "2014.08.02"]

1. e4 d5 2. exd5 Qxd5 3. Nc3 Qd6 4. d4 e5 5. Nf3 Bg4 6. dxe5 Qxd1+ 7. Nxd1 Nc6
8. Bb5 O-O-O 9. Bxc6 bxc6 10. h3 Bh5 11. Be3 Kb7 12. O-O Re8 13. Bd4 Ne7 14. Ne3
Nd5 15. Rfe1 Bxf3 16. gxf3 Nf4 17. Kh2 Ne6 18. Bc3 Bc5 19. Rad1 Rd8 20. Kg3 Rhe8
21. b4 Bd4 22. Bxd4 Nxd4 23. c3 Nb5 24. Rxd8 Rxd8 25. Rd1 Re8 26. Rd3 Rxe5 27.
c4 Nd6 28. c5 Ne8 29. Nc4 Re6 30. Rd7 f6 31. Rd8 Ka6 32. a4 Kb7 33. Na5+ Ka6 34.
Rb8 g6 35. Nc4 1-0

[Event "41st Olympiad Women 2014"]
[Site "Tromso NOR"]
[Date "2014.08.08"]
[Round "6.33"]
[Board "4"]
[White "Abeer, Ali"]
[Black "Perena, Catherine"]
[Result "0-1"]
[BlackTitle "WIM"]
[WhiteElo "1657"]
[BlackElo "2165"]
[WhiteTeam "United Arab Emirates"]
[BlackTeam "Philippines"]
[WhiteFideId "9302930"]
[BlackFideId "5202744"]
[EventDate "2014.08.02"]

1. e4 d5 2. exd5 Qxd5 3. Nc3 Qd6 4. d4 Nf6 5. g3 Bg4 6. Qd3 a6 7. Bg2 Nc6 8.
Nce2 O-O-O 9. c3 e5 10. f3 Be6 11. Be3 Qd7 12. Qd1 Qd5 13. Kf2 exd4 14. Nxd4
Nxd4 15. Qxd4 Qb5 16. Qa7 Rd2+ 17. Ke1 Rxg2 18. Qa8+ Kd7 19. Rd1+ Nd5 20. Bf2
Rxf2 0-1

[Event "41st Olympiad Women 2014"]
[Site "Tromso NOR"]
[Date "2014.08.08"]
[Round "6.34"]
[Board "2"]
[White "Exler, Veronika"]
[Black "Wafa, Shrook"]
[Result "0-1"]
[WhiteTitle "WFM"]
[BlackTitle "WGM"]
[WhiteElo "2189"]
[BlackElo "2065"]
[WhiteTeam "Austria"]
[BlackTeam "Egypt"]
[WhiteFideId "1620550"]
[BlackFideId "10609970"]
[EventDate "2014.08.02"]

1. d4 Nf6 2. c4 e6 3. Nf3 Bb4+ 4. Bd2 Qe7 5. g3 O-O 6. Nc3 d6 7. Bg2 Bxc3 8.
Bxc3 Ne4 9. Rc1 Nxc3 10. Rxc3 e5 11. d5 a5 12. O-O Na6 13. b3 f5 14. a3 Bd7 15.
Qb1 Qf6 16. Nd2 e4 17. Rfc1 Qd4 18. Nf1 Qc5 19. Qb2 Qb6 20. Qd2 Qc5 21. Ra1 Rae8
22. Qe3 Qxe3 23. Rxe3 c5 24. dxc6 Bxc6 25. Rd1 Rf6 26. Rc3 Nc7 27. Ne3 g5 28.
Nc2 Re5 29. Nd4 f4 30. Nxc6 bxc6 31. Bh3 h5 32. Bd7 c5 33. e3 fxg3 34. hxg3 Kf8
35. Kg2 Ke7 36. Bc6 Ne6 37. Rd5 Rff5 38. Rd1 g4 39. Rh1 Rf8 40. Rc2 Rb8 41. Ba4
Rf5 42. Rd2 Rbf8 43. Bc6 Re5 44. Rhd1 Rb8 45. Rxd6 Rxb3 46. a4 Rb2 47. R1d5 Rxd5
48. Rxd5 Rc2 49. Bb5 Ng7 50. Rxc5 Kf6 51. Bc6 Nf5 52. Kf1 Rc1+ 53. Ke2 Rc2+ 54.
Ke1 Nd6 55. Bb5 Nf5 56. Rd5 h4 57. gxh4 Nxh4 58. Rd1 g3 59. fxg3 Ng2+ 60. Kf1
Nxe3+ 61. Ke1 Nxd1 62. Kxd1 Rc3 63. Kd2 Rxg3 64. c5 Ke5 65. c6 Kd4 66. Ke2 Rc3
67. Kd2 Rc5 68. Ke2 Rc1 69. Kd2 Rc3 70. Ke2 Kd5 71. Kd2 Rxc6 72. Bxc6+ Kxc6 73.
Ke3 Kd5 74. Ke2 Kc4 75. Ke3 Kb4 76. Kd4 0-1

[Event "41st Olympiad Women 2014"]
[Site "Tromso NOR"]
[Date "2014.08.08"]
[Round "6.34"]
[Board "3"]
[White "Moaataz, Ayah"]
[Black "Newrkla, Katharina"]
[Result "1/2-1/2"]
[WhiteTitle "WIM"]
[BlackTitle "WFM"]
[WhiteElo "1954"]
[BlackElo "2135"]
[WhiteTeam "Egypt"]
[BlackTeam "Austria"]
[WhiteFideId "10615873"]
[BlackFideId "1621629"]
[EventDate "2014.08.02"]

1. c4 Nf6 2. g3 g6 3. Bg2 Bg7 4. Nc3 O-O 5. Nf3 d6 6. O-O Nc6 7. d4 Rb8 8. e4
Bg4 9. h3 Bxf3 10. Bxf3 e5 11. d5 Nd4 12. Be3 Re8 13. Nb5 a6 14. Nxd4 exd4 15.
Bxd4 Nxe4 16. Qd3 Bxd4 17. Qxd4 Qf6 18. Qxf6 Nxf6 19. Rfe1 Nd7 20. b4 Kf8 21.
Rxe8+ Rxe8 22. Rc1 b6 23. Kf1 Ra8 24. Bd1 a5 25. b5 Re8 26. Rc3 Re4 27. f3 Re7
28. h4 h6 29. Kf2 Nc5 30. Bc2 g5 31. hxg5 hxg5 32. Bf5 Re5 33. g4 Kg7 34. Rc2
Re8 35. Rc1 Rh8 36. Kg2 Re8 37. Kf2 Rh8 38. Kg2 Kf8 39. Re1 Rh6 40. Kg3 Rh8 41.
Kg2 Rh6 42. Re2 Rh4 43. Re1 Rh8 44. Kg3 Rh6 1/2-1/2

[Event "41st Olympiad Women 2014"]
[Site "Tromso NOR"]
[Date "2014.08.08"]
[Round "6.34"]
[Board "4"]
[White "Hapala, Elisabeth"]
[Black "Wafa, Shahenda"]
[Result "0-1"]
[BlackTitle "WIM"]
[WhiteElo "2083"]
[BlackElo "1932"]
[WhiteTeam "Austria"]
[BlackTeam "Egypt"]
[WhiteFideId "1622080"]
[BlackFideId "10609962"]
[EventDate "2014.08.02"]

1. e4 c5 2. Nf3 Nc6 3. d4 cxd4 4. Nxd4 g6 5. Nc3 Bg7 6. Be3 Nf6 7. Bc4 O-O 8.
Bb3 d6 9. f3 Bd7 10. Qd2 Ne5 11. O-O-O Rc8 12. Kb1 Nc4 13. Bxc4 Rxc4 14. g4 Qa5
15. Nd5 Qxd2 16. Rxd2 Nxd5 17. exd5 f5 18. h3 fxg4 19. fxg4 Be5 20. c3 b5 21.
Re1 a5 22. Bh6 Rfc8 23. Nf3 Bf6 24. Bg5 h5 25. Bxf6 exf6 26. gxh5 Bf5+ 27. Ka1
gxh5 28. h4 b4 29. Nd4 Bd7 30. Re7 Re8 31. Rxe8+ Bxe8 32. Rg2+ Kf7 33. Nf5 Rf4
34. Nxd6+ Ke7 35. Nc8+ Kd8 36. Kb1 Kxc8 37. Rg7 Rxh4 38. Kc2 Rg4 39. Ra7 h4 40.
Rxa5 h3 41. Ra8+ Kd7 42. Ra7+ Kd6 43. Ra6+ Kxd5 44. Rxf6 Bg6+ 45. Kd2 h2 0-1

[Event "41st Olympiad Women 2014"]
[Site "Tromso NOR"]
[Date "2014.08.08"]
[Round "6.35"]
[Board "1"]
[White "Richards, Deborah"]
[Black "Vargas, Gabriela"]
[Result "0-1"]
[WhiteTitle "WIM"]
[BlackTitle "WFM"]
[WhiteElo "2024"]
[BlackElo "2112"]
[WhiteTeam "Jamaica"]
[BlackTeam "Paraguay"]
[WhiteFideId "7400446"]
[BlackFideId "3700860"]
[EventDate "2014.08.02"]

1. Nf3 d5 2. d4 Nf6 3. c4 e6 4. Nc3 Be7 5. cxd5 exd5 6. Bg5 c6 7. Qc2 Nbd7 8. e3
O-O 9. Bd3 Re8 10. O-O Nf8 11. Rab1 Ng6 12. b4 Ne4 13. Bxe7 Qxe7 14. b5 Bg4 15.
Nd2 Nxd2 16. Qxd2 Nh4 17. Be2 Bh3 18. g3 Bxf1 19. Kxf1 Nf5 20. a4 Nd6 21. Bd3
Ne4 22. Nxe4 dxe4 23. Be2 Qa3 24. Qb4 Qxb4 25. Rxb4 cxb5 26. Rxb5 b6 27. Bg4
Red8 28. Bf5 Re8 29. Ke2 Re7 30. Kd2 g6 31. Bg4 f5 32. Bd1 Kg7 33. Bb3 Rc8 34.
Bd1 Rec7 35. Rb2 Rc3 36. Bc2 Kf6 37. h4 h5 38. Bd1 Ke7 39. Be2 Ra3 40. Ba6 Rc7
41. Bb5 Ra1 42. Ke2 Rcc1 43. Kd2 Rd1+ 44. Ke2 Rf1 45. Rb3 Rfb1 46. Rxb1 Rxb1 47.
d5 Rxb5 48. axb5 Kd6 49. Kd2 Kxd5 0-1

[Event "41st Olympiad Women 2014"]
[Site "Tromso NOR"]
[Date "2014.08.08"]
[Round "6.35"]
[Board "2"]
[White "Perez Rodriguez, Jennifer"]
[Black "Miller, Rachel"]
[Result "1-0"]
[WhiteTitle "WIM"]
[BlackTitle "WFM"]
[WhiteElo "2211"]
[BlackElo "1782"]
[WhiteTeam "Paraguay"]
[BlackTeam "Jamaica"]
[WhiteFideId "3507831"]
[BlackFideId "7401302"]
[EventDate "2014.08.02"]

1. e4 e5 2. Nf3 Nc6 3. Bc4 Bc5 4. O-O Nf6 5. d4 exd4 6. e5 d5 7. exf6 dxc4 8.
Re1+ Be6 9. Ng5 Qd5 10. Nc3 Qf5 11. g4 Qxf6 12. Nd5 Qd8 13. Rxe6+ fxe6 14. Nxe6
Qd7 15. Ndxc7+ Kf7 16. Ng5+ Kg6 17. Qf3 Rad8 18. Nce6 Rdf8 19. Qe4+ Kf6 20. Nxc5
Qc8 21. Nge6 Re8 22. Qf5+ Ke7 23. Bg5+ Kd6 24. Bf4+ Ke7 25. Qg5+ Kf7 26. Qxg7# 1-0

[Event "41st Olympiad Women 2014"]
[Site "Tromso NOR"]
[Date "2014.08.08"]
[Round "6.35"]
[Board "3"]
[White "Smith, Melisha"]
[Black "Perez, Dalila"]
[Result "0-1"]
[WhiteTitle "WCM"]
[WhiteElo "1747"]
[BlackElo "1791"]
[WhiteTeam "Jamaica"]
[BlackTeam "Paraguay"]
[WhiteFideId "7400691"]
[BlackFideId "3702014"]
[EventDate "2014.08.02"]

1. d4 d5 2. Nf3 e6 3. c4 Nf6 4. Nc3 Be7 5. Bf4 O-O 6. e3 a6 7. cxd5 exd5 8. Bd3
c5 9. h3 Nc6 10. O-O h6 11. Rc1 cxd4 12. Nxd4 Bd6 13. Bxd6 Qxd6 14. Nf3 Be6 15.
a3 Rfd8 16. Ne2 Rac8 17. Ned4 Na5 18. Re1 Ne4 19. Nd2 Rxc1 20. Qxc1 Rc8 21. Qd1
Nc5 22. N2f3 Nc4 23. b4 Nd7 24. Qb3 b5 25. Rc1 Ndb6 26. Bb1 Rc7 27. Qd3 g6 28.
Nxe6 Qxe6 29. Nd4 Qd6 30. Qc2 Rc8 31. Qa2 Qd7 32. Bd3 Na4 33. Rc2 Qe8 34. Rc1
Rd8 35. Rc2 Nxe3 36. Rc7 Nc4 37. Nc6 Rd7 38. Rxd7 Qxd7 39. Nd4 Qe7 40. Nc6 Qe1+
41. Kh2 Nc3 42. Qb3 Nd1 43. Ne7+ Kf8 44. Nxd5 Qe5+ 45. Kg1 Qxd5 46. Qxd1 Nb2 47.
Qa1 Nxd3 48. Qh8+ Ke7 49. Qxh6 Qd4 50. Qg5+ Kf8 51. Qh6+ Kg8 0-1

[Event "41st Olympiad Women 2014"]
[Site "Tromso NOR"]
[Date "2014.08.08"]
[Round "6.35"]
[Board "4"]
[White "Rojas, Montserrat"]
[Black "Smith, Annesha"]
[Result "1/2-1/2"]
[WhiteElo "1618"]
[BlackElo "1768"]
[WhiteTeam "Paraguay"]
[BlackTeam "Jamaica"]
[WhiteFideId "3701670"]
[BlackFideId "7400683"]
[EventDate "2014.08.02"]

1. Nf3 Nf6 2. g3 d5 3. c4 e6 4. Bg2 c6 5. b3 Nbd7 6. Bb2 Be7 7. O-O O-O 8. d4
Ne4 9. Qc2 f5 10. Ne5 Bg5 11. f4 Be7 12. Nd2 Nxd2 13. Qxd2 Nf6 14. Rac1 Ne4 15.
Qc2 Rf6 16. cxd5 exd5 17. e3 Rh6 18. Bxe4 fxe4 19. Rf2 Qe8 20. Qe2 g6 21. Ng4
Rh5 22. Ne5 Qf8 23. Rcf1 Bh3 24. Rc1 Be6 25. Rcf1 Bh3 26. Rc1 Be6 27. Rcf1 Bh3
28. Rc1 1/2-1/2

[Event "41st Olympiad Women 2014"]
[Site "Tromso NOR"]
[Date "2014.08.08"]
[Round "6.36"]
[Board "1"]
[White "Frick, Denise"]
[Black "Koskoska, Gabriela"]
[Result "1-0"]
[WhiteTitle "WIM"]
[BlackTitle "WIM"]
[WhiteElo "1892"]
[BlackElo "2102"]
[WhiteTeam "South Africa"]
[BlackTeam "FYROM"]
[WhiteFideId "14300818"]
[BlackFideId "15000630"]
[EventDate "2014.08.02"]

1. e4 c5 2. Nf3 e6 3. d4 cxd4 4. Nxd4 a6 5. Bd3 Bc5 6. Nb3 Be7 7. c4 Qc7 8. O-O
Nf6 9. Nc3 Nc6 10. f4 d6 11. Be3 b6 12. Rc1 Qb7 13. Be2 O-O 14. Bf3 e5 15. f5 b5
16. Nd2 Na5 17. Nd5 Nxd5 18. cxd5 Bd7 19. g4 Rfc8 20. g5 Bd8 21. Qe2 b4 22. Qf2
Bb5 23. Be2 Bxe2 24. Qxe2 Rxc1 25. Rxc1 Rc8 26. Qd1 Kf8 27. Kf2 Rxc1 28. Qxc1
Bb6 29. Kf3 Bxe3 30. Kxe3 h6 31. h4 hxg5 32. hxg5 Qb8 33. Qh1 Qb6+ 34. Ke2 Qb5+
35. Ke1 Ke7 36. Qh7 Qd3 37. Qxg7 Qe3+ 38. Kd1 Qg1+ 39. Ke2 Qh2+ 40. Kd3 Qg3+ 41.
Kc2 b3+ 42. axb3 Qe3 43. f6+ Kd8 44. Qxf7 Nxb3 45. Qe7+ Kc8 46. Qe8+ Kb7 47.
Qc6+ Ka7 48. Nxb3 Qxe4+ 49. Kc3 Qe3+ 50. Kb4 a5+ 51. Nxa5 Qd2+ 52. Qc3 Qxd5 53.
Qc7+ Ka8 54. Qc6+ 1-0